000 00646nam a2200181Ia 4500
008 151202s9999||||xx |||||||||||||| ||und||
082 _bPNVM-36123
100 _aआपटे वा. शि.
245 _aक्टिंर्स टेल: मेहविलसित.
260 _bसरीता प्रकाशन पुणे.
260 _c1986
300 _a92
600 _aआपटे वा. शि.
630 _aक्टिंर्स टेल: मेहविलसित.
700 _aआपटे वा. शि.
730 _aक्टिंर्स टेल: मेहविलसित.
942 _cBOOK
999 _c1302075
_d1302072